000 00554nam a2200181Ia 4500
005 20250508151024.0
008 008 250505s9999 xx 000 0 eng d
037 _aBooks to be hide in OPAC
040 _aFEDL
_beng
_cFEDL
041 _aeng
_2eng
084 _a371.3322, TOM/O
_qFEDL
100 _aTompkins Ellsworth
_9757958
245 0 _aActivity period in public high schools
260 _aWashington, USA
_bU.S. Government Printing Office
_c1951
300 _a17p.
942 _cHB
_h371.3322, TOM/O
999 _c1327109
_d1327109